000 00906nam a2200265 i 4500
001 28499
003 KOSZ 005
005 20220113075837.0
008 961010s1985 pl f |000 0 pol d
040 _cKOSZ 005
_aKOSZ 005
_dKOSZ 005/HR
041 _apol
046 _k1985
080 _a629.33-192
100 1 _aLewicki, Jan
_c(budowa i eksploatacja maszyn)
_eAutor
245 0 _aAnaliza zawodności samochodów osobowych /
_cJ.Lewicki.
260 _aSzczecin :
_bWydawnictwo Uczelniane Politechniki Szczecińskiej,
_c1985.
380 _aKsiążki
388 _a1901-2000
388 _a1945-1989
650 7 _aSamochody osobowe
658 _aInżynieria i technika
710 2 _aWydawnictwo Uczelniane Politechniki Szczecińskiej
_4pbl
856 _uhttp://koha.tu.koszalin.pl/cgi-bin/koha/opac-detail.pl?biblionumber=28499
_yKatalog online BPK
942 _cKS
_2UKD
999 _c28499
_d28499